Essential Bioimaging methods/ (Record no. 9458)

MARC details
000 -LEADER
fixed length control field 00582nam a22002057a 4500
003 - CONTROL NUMBER IDENTIFIER
control field OSt
005 - DATE AND TIME OF LATEST TRANSACTION
control field 20241029094625.0
008 - FIXED-LENGTH DATA ELEMENTS--GENERAL INFORMATION
fixed length control field 241029b |||||||| |||| 00| 0 eng d
020 ## - INTERNATIONAL STANDARD BOOK NUMBER
International Standard Book Number 9780123750433
040 ## - CATALOGING SOURCE
Transcribing agency must
082 ## - DEWEY DECIMAL CLASSIFICATION NUMBER
Classification number 621.367 ESS 2009
245 ## - TITLE STATEMENT
Title Essential Bioimaging methods/
Statement of responsibility, etc. edited by P.Michael Conn.
260 ## - PUBLICATION, DISTRIBUTION, ETC. (IMPRINT)
Place of publication, distribution, etc. Amsterdam:
Name of publisher, distributor, etc. Elsevier;
Date of publication, distribution, etc. c2009.
300 ## - PHYSICAL DESCRIPTION
Extent xv,420p.:
Other physical details col.ill;
Dimensions 23cm.
440 ## - SERIES STATEMENT/ADDED ENTRY--TITLE
Title Reliable lab solutions
9 (RLIN) 19290
500 ## - GENERAL NOTE
General note Includes index and References
650 ## - SUBJECT ADDED ENTRY--TOPICAL TERM
Source of heading or term Bioimaging
700 ## - ADDED ENTRY--PERSONAL NAME
Personal name Conn,P.Michael
9 (RLIN) 19291
942 ## - ADDED ENTRY ELEMENTS (KOHA)
Source of classification or shelving scheme Dewey Decimal Classification
Koha item type Book Bank
Holdings
Withdrawn status Lost status Source of classification or shelving scheme Damaged status Not for loan Home library Current library Date acquired Source of acquisition Inventory number Total Checkouts Full call number Barcode Date last seen Price effective from Koha item type
    Dewey Decimal Classification     MUST Main Library MUST Main Library 29/10/2024 purchase 12/36136   621.367 ESS 2009 2024-22528 29/10/2024 29/10/2024 Book Bank